Normal view
MARC view
- Baluchistan
Entry Geographic Name
001 - CONTROL NUMBER
- control field: 4645
003 - CONTROL NUMBER IDENTIFIER
- control field: NUST
005 - DATE AND TIME OF LATEST TRANSACTION
- control field: 20170919122949.0
008 - FIXED-LENGTH DATA ELEMENTS
- fixed length control field: 170919|| aca||aabn | a|a d
040 ## - CATALOGING SOURCE
- Original cataloging agency: NUST
- Transcribing agency: NUST
151 ## - HEADING--GEOGRAPHIC NAME
- Geographic name: Baluchistan
- General subdivision: History.
670 ## - SOURCE DATA FOUND
- Source citation: Work cat.: (NUST)0: Lashari, Mazhar Ali Khan 4644, Balūc tārīk̲h̲ Ke āʼīnah men̲., Ilm o Irfan publishers
